Схема структуры партизанского отряда, действующего в первые дни Великой Отечественной войны

RUSMARC
00003954cbm0a2200265#x 450
001514f24f6-cff7-494d-a6e2-188f844e4c6c
00520221216132346.0
100##$a20221214j194107##k###0rusy50 ca
1010#$arus
102##$aRU
1220#$ad194107####
2001#$aСхема структуры партизанского отряда, действующего в первые дни Великой Отечественной войны
$j[Не ранее июля 1941 г.]
251##$cДокумент
300##$aПодлинник
461#0$12001
$aФ. 625
$1251
$cФонд
$1852
$j625
462#0$12001
$aОп. 1
$1251
$cОпись
$1852
$j1
462#0$12001
$aД. 14
$vЛ. 43
$1251
$cДело
$1852
$j14
605##$2prlib_sh
$3LIBNET\UAF\0000088514
$aВторая мировая война в архивных документах (Комплекс оцифрованных архивных документов, кино- и фотоматериалов)
$lколлекция
6061#$2nlr_sh
$3RU\NLR\AUTH\66111865
$aВеликая Отечественная война
$z1941 - 1945
$xПартизанское движение
$jДокументы и материалы
686##$a63.3(2)622,5ю11
$vLBC/M
$2rubbk
801#0$aRU
$bПБ им. Б.Н. Ельцина
$c20221214
801#1$aRU
$bПБ им. Б.Н. Ельцина
$c20221214
$2rusmarc
801#2$aRU
$bПБ им. Б.Н. Ельцина
$c20221216
$2rusmarc
850##$aРоссийский государственный архив социально-политической истории
852##$aРГАСПИ
$jЛ. 43
035##$aLIBNET\0001296678
937##$d181530010
$hФедеральное архивное агентство
8564#$uhttp://readingroom.main.prlib.ru/item.aspx?id_node=n181530010&mode=full
Формат отображения